|
|
|
|
| LEADER |
02349nam a2200517 a 4500 |
| 001 |
000011401 |
| 003 |
CZ BrMZK |
| 005 |
20251125114159.0 |
| 007 |
ta |
| 008 |
940921s1994 xr e s cze d |
| 020 |
|
|
|a 80-7049-096-9
|
| 040 |
|
|
|a BOA001
|b cze
|
| 043 |
|
|
|a e-xr---
|
| 045 |
|
|
|a x9x9
|
| 072 |
|
7 |
|a 314
|x Demografie. Populace
|2 Konspekt
|9 18
|
| 080 |
|
|
|a 911.373
|2 MRF
|
| 080 |
|
|
|a 721
|2 MRF
|
| 080 |
|
|
|a 643
|2 MRF
|
| 080 |
|
|
|a 314
|2 MRF
|
| 080 |
|
|
|a (437.3)
|2 MRF
|
| 080 |
|
|
|a (083.41)
|2 MRF
|
| 245 |
0 |
0 |
|a Statistický lexikon obcí České republiky 1992 :
|b Podle správního rozdělení k 31. prosinci 1992 a výsledků sčítání lidu, domů a bytů ke 3. březnu 1991 ; Zprac. kol. aut. pod ved. Jiřiny Růžkové
|
| 260 |
|
|
|a Praha :
|b SEVT,
|c 1994
|
| 300 |
|
|
|a 895 s. :
|b tab.
|
| 648 |
|
7 |
|a 1992
|7 ch460666
|2 czenas
|
| 648 |
|
7 |
|a 1991-2000
|7 ch460587
|2 czenas
|
| 650 |
0 |
7 |
|a obce
|7 ph123545
|z Česko
|y 1991-2000
|2 czenas
|
| 650 |
0 |
7 |
|a domy
|7 ph119550
|z Česko
|y 1991-2000
|2 czenas
|
| 650 |
0 |
7 |
|a byty
|7 ph114219
|z Česko
|y 1991-2000
|2 czenas
|
| 650 |
0 |
7 |
|a obyvatelstvo
|7 ph123621
|z Česko
|y 1991-2000
|2 czenas
|
| 650 |
0 |
9 |
|a municipalities
|z Czechia
|y 1991-2000
|2 eczenas
|
| 650 |
0 |
9 |
|a houses
|z Czechia
|y 1991-2000
|2 eczenas
|
| 650 |
0 |
9 |
|a apartments
|z Czechia
|y 1991-2000
|2 eczenas
|
| 650 |
0 |
9 |
|a population
|z Czechia
|y 1991-2000
|2 eczenas
|
| 655 |
|
7 |
|a statistiky
|7 fd133589
|2 czenas
|
| 655 |
|
9 |
|a statistics
|2 eczenas
|
| 700 |
1 |
|
|a Růžková, Jiřina,
|d 1940-
|7 mzk2005279344
|
| 856 |
4 |
1 |
|u http://www.digitalniknihovna.cz/mzk/uuid/uuid:efd05840-d7a2-11e4-8565-005056827e52
|y Digitalizovan dokument
|
| 910 |
|
|
|a BOA001
|b 4-1002.977
|
| 990 |
|
|
|a BK
|
| 996 |
7 |
|
|b 2610013681
|c 4-1002.977
|l MZK
|r Sklad / do 1 hodiny
|n 42
|p p.v.
|w 000011401
|u 000010
|a 1
|e BOA001
|j MZK50
|s A
|
| 996 |
6 |
|
|b 2610015394
|c 4-1002.977
|l MZK
|r INF / 4.patro
|n 1
|p kup ; Kancelář 430
|w 000011401
|u 000020
|a 1
|e BOA001
|j MZK50
|s P
|
| 996 |
7 |
|
|b 2610015395
|c 4-1002.977
|l MZK
|r Sklad / do 1 hodiny
|n 27
|p kup
|w 000011401
|u 000060
|a 1
|e BOA001
|j MZK50
|s A
|
| 996 |
7 |
|
|b 2610015396
|c 4-1002.977
|l MZK
|r Sklad / do 1 hodiny
|n 1
|w 000011401
|u 000050
|a 1
|e BOA001
|j MZK50
|s A
|
| 996 |
7 |
|
|b 2610015397
|c 4-1002.977
|l MZK
|r Sklad / do 1 hodiny
|n 3
|p kup ; 4.2 Pře
|w 000011401
|u 000040
|a 1
|e BOA001
|j MZK50
|s A
|
| 996 |
7 |
|
|b 2610015398
|c 4-1002.977
|l MZK
|r Sklad / do 1 hodiny
|n 15
|p kup
|w 000011401
|u 000030
|a 1
|e BOA001
|j MZK50
|s A
|